| 000 | 00697nam a2200241 4500 | ||
|---|---|---|---|
| 003 | OSt | ||
| 005 | 20260601171008.0 | ||
| 008 | 260508b2002\\\\bl\a||||\||||\00|\0\por\d | ||
| 040 |
_aICI _bspa _cICI |
||
| 050 |
_aNK1390 _bB73 2002 |
||
| 245 | 1 | _aBrasil Faz Design 2002 / | |
| 264 |
_aBrasil : _bBrasil Faz Design, _bSABRAE _c2002 |
||
| 300 |
_a152 páginas : _bilustraciones a color |
||
| 336 |
_atexto _2rdacontent |
||
| 337 |
_asin medio _2rdamedia |
||
| 338 |
_avolumen _2rdacarrier |
||
| 650 |
_aDiseño industrial _915218 |
||
| 650 |
_aDiseño gráfico _918020 |
||
| 650 | _aDiseño brasileño | ||
| 650 |
_aCultura visual _932708 |
||
| 650 | _aExposiciones de diseño | ||
| 942 |
_2lcc _cB _n1 |
||
| 999 |
_c20393 _d20393 |
||